| 000 | 00561cab a2200181 4500 | ||
|---|---|---|---|
| 001 | WB2319-11 | ||
| 008 | 090401t1987 xxu||||| |||| 00| 0 eng d | ||
| 035 | _a(Sirsi) u481 | ||
| 041 | _aeng | ||
| 245 | _aAir-conditioning campaign | ||
| 260 | _c1987 | ||
| 350 | _a0 | ||
| 490 |
_aBuilding _v252 (7496) 15/5/87 p63 |
||
| 520 | _aThe HVCA is to launch an campaign to dispel criticisms of air conditioning that link it with legionnaires disease , sick building syndrome and humidifier fever. | ||
| 690 | _aBUILT ENVIRONMENT | ||
| 942 | _n0 | ||
| 948 | _c04/03/1997 | ||
| 999 |
_c212 _d212 |
||